Datum a čas kvízu

38 Celkem bodů Celkový počet nahraných bodů na tomto kvízu bez doplňovacích otázek.
4. Pořadí na kvízu Konečné umístění týmu na tomto kvízu.

Zaznamenané odpovědi

# Otázka Odpověď Body Výsledky
1. Jak se jmenuje světoznámá česk... Eva Jiřičná 1
2. Jedna světoznámá fontána je kv... v Římě 1
3. V pondělí proběhla v Londýně a... Tetris 0
4. Přemnožené jedince jistého zví... mývaly 0
5. Minulý týden se konalo předává... Rodri, Aitana Bonmatí 0.5
6. Před časem jsme se vás ptali n... pomeranče 0
7. Ve které zemi má původ takovát... v Mexiku 1
8. V Norsku je jisté období v roc... A 0
9. Velmi kontroverzní událost kri... o velbloudy 0
10. I řada našich tradic může na c... Jízda králů 1